000 00674nam a2200241Ia 4500
003 OSt
005 20221007063646.0
006 a|||||r|||| 00| 0
007 ta
008 221006b |||||||| |||| 00| 0 eng d
024 _a1,378
037 _cReference Collections
040 _aFLL
_cFLL
_beng
041 _2eng
_aeng
082 _aX724:Z2, M5
100 _aBhattacharya Sukumar
245 0 _aIndian income tax
_b Law and practices
260 _aCalcutta
_bEastern Law House India
_c1985
300 _a786p
_ccm.
650 _aIncome tax
942 _hX724:Z2, M5
_cREF
_2CC
999 _c1131788
_d1131788